000 00714nam a2200205 a 4500
003 0
005 20250224100950.0
008 101013s19uu xx 00 eng d
050 _aPHS BF 632
_b.D59 2010
100 _aDimayuga, Charles Gabriel M.
245 _aLocus of control of athletes /
_cCharles Gabriel M. Dimayuga.
260 _aLas PiƱas City, Philippines :
_bSouthville International School and Colleges,
_c2010.
300 _a27 pages :
_billustrations ;
_c30 cm.
504 _aIncludes bibliographical references.
650 _aLocus of control (Psychology).
650 _aAthletes
_xPsychology.
650 _aPersonality traits in athletes.
650 _aMotivation in sports.
942 _2lcc
_cPASS
999 _c98471
_d98471